00504nam a2200169Ia 4500003000900000008004100009040001600050080001800066100002300084245007600107260003200183300001400215650004100229650002000270650002200290650002200312IN-BaIIA211028s9999 xx 000 0 eng d cIIA Library a524.3-54bCLA aClayton, Donald D. 0aPrinciples of stellar evolution and nucleosynthesiscDonald D. Clayton  aNew YorkbMcGraw-Hillc1968 axi, 612p. aAstronomy and Astrophysics Thesaurus aNucleosynthesis aStellar evolution aStellar structure